01603nam a22002897a 45000010005000000030006000050050017000110080041000280200015000690400029000840500008001131000021001212450041001422600036001833000050002194900021002695050008002905200741002985210029010395210020010686500025010886500026011136500024011399420015011639990015011789520120011939821FISKH20260227113407.0260227b cb ||||| |||| 00| 0 eng d a0356044467 aFISKHbengcFISKHdFISKH aPZ7 aJames , Albert  aBalancing things / cby Albert James aLondon : bMacdonald ,c1983 .  a27 pages : bcolor illustrations ; c20 cm .  aStarters Science aK  aBalancing Things is a children’s educational book that introduces young readers (often early elementary age) to the science concept of balance and equilibrium. The book uses simple explanations, illustrations, and everyday examples to show how different objects balance, why some things tip over, and how we use balance in daily life—such as on seesaws, scales, and structures. It encourages children to think about cause and effect, make observations, and explore science through hands‑on activities and questions that stimulate thinking. It is part of the Starting Point Library / Starters Science series, which was designed to help young learners begin exploring basic scientific ideas with accessible language and activities.8 a510 bLexile estimate 8 aK bRaz-Plus  aBalancevNon-fiction aScience vNon-fiction aWeightvNon-fiction 2ddccBKn0 c9821d9821 00102ddc40708NFICa002b002cTTP Yellow d2026-02-27l0oJAM PZ7pFIS01589r2026-02-27 11:34:04w2026-02-27yBK